00414nam a22001337a 450000500170000000800410001704100130005808200120007110000130008324500450009626000820014130000310022365000260025420240510103844.0240510b |||||||| |||| 00| 0 eng d aEnglish  a349 LAW lEnglish  aThe Law Reports : Queen's Bench Division aLondon: bThe Incorporated Law of Law Reporting for England and Wales, c1988 bxxiv, 970 pages; c25 cm.  aLegal practice bLaw